| 000 | 00674nam a22002177a 4500 | ||
|---|---|---|---|
| 005 | 20250723165248.0 | ||
| 008 | 250723b |||||||| |||| 00| 0 eng d | ||
| 020 | _a978-1-032-11315-9(hbk) | ||
| 037 | _cTB | ||
| 040 |
_aAL _cAL |
||
| 041 |
_2eng _aeng |
||
| 084 |
_aSM9 R3 _qTB |
||
| 100 |
_aMartin, Mathew R. _9591271 |
||
| 245 | _aPsychoanalysis and literary theory: an introduction | ||
| 260 |
_aLondon, UK: _bRoutledge, _c2023. |
||
| 300 | _a246p. | ||
| 365 |
_b 34.99 _cUKP |
||
| 650 | _2PSYCHOLOGY | ||
| 942 |
_2CC _cTB _hSM9 R3 _n0 |
||
| 999 |
_c1434230 _d1434230 |
||